A thousand days: John F. Kennedy in the White House
Guardat en:
| Autor principal: | |
|---|---|
| Format: | Llibre |
| Idioma: | anglès |
| Publicat: |
Boston
Houghton Mifflin
1965
|
| Matèries: | |
| Etiquetes: |
Afegir etiqueta
Sense etiquetes, Sigues el primer a etiquetar aquest registre!
|
MARC
| LEADER | 00000nam a2200000 a 4500 | ||
|---|---|---|---|
| 001 | UCS2591 | ||
| 003 | CL-VaPUC | ||
| 008 | 970604e19650000US |||||||||||||||||eng|d | ||
| 082 | 0 | 4 | |a 973.922 |b SCH |2 21 |
| 100 | 0 | |a Schlesinger, Arthur M |e author |9 388201 | |
| 245 | 1 | 2 | |a A thousand days: John F. Kennedy in the White House |
| 300 | |a 1087 p | ||
| 942 | |c BK | ||
| 945 | |d 19970604 00:00:00 |a paguirre | ||
| 260 | |a Boston |b Houghton Mifflin |c 1965 | ||
| 600 | 0 | |a Kennedy, John Fitzgerald |d 1917-1963 |9 859083 | |
| 650 | 0 | |a Historia |9 255047 | |
| 650 | 0 | |a Democracia |9 255256 | |
| 650 | 7 | |a SISTEMAS POLITICOS |2 CL-VaPUC |9 388202 | |
| 650 | 7 | |a PRESIDENCIA |2 CL-VaPUC |9 341215 | |
| 650 | 0 | |a Partidos políticos |9 254999 | |
| 650 | 0 | |a Relaciones Internacionales |9 255740 | |
| 651 | 0 | |a Estados Unidos |9 255178 | |
| 583 | |a last modification |c 19970604 00:00:00 |k Rodrigo Vera | ||
| 999 | |c 260536 |d 260534 | ||
| 952 | |0 0 |1 0 |4 0 |6 973_922000000000000_SCH_1965 |7 0 |8 P |9 286724 |a BIBDER |b BIBDER |d 2019-11-19 |i 1861549 |o 973.922 SCH 1965 |p 1861549 |r 2023-01-25 |w 2019-11-19 |y BK |k DER | ||